Friends de A à Z. - Statistiques

Statistiques générales
  • Ce quiz a été pris 7 546 fois
    6 597 depuis la dernière actualisation
  • Le résultat moyen est 17 sur 26
Statistiques - réponses
Lettre Question Réponse % Correct
A Nom de famille de l'actrice interprétant Rachel. Jennifer Aniston
96%
C Nom du café dans lequel les protagonistes passent beaucoup de temps. Central Perk
94%
D Nombre de saison dans la série. Dix
92%
N Ville dans laquelle vivent les 6 amis. New-York
90%
F Élément de décoration vu dans le générique, devant et dans lequel dansent les acteurs. Fontaine
88%
L Ville dans laquelle Ross épouse Émilie. Londres
86%
M Prénom du petit singe adopté par Ross. Marcel
81%
B Prénom de l'homme que Rachel laisse devant l'autel au début de la série. Barry
80%
G Prénom du propriétaire du bar. Gunther
79%
T Nombre d'enfants mis au monde par Phoebe. Trois
79%
U Prénom de la soeur jumelle de Phoebe. Ursula
77%
P Métier de Ross. Paléontologue
76%
I Tire du générique de la série. I'll Be There for You
72%
R Marque de vêtement pour laquelle travail Rachel. Ralph Lauren
66%
X Phoebe découvre que sa soeur utilise son nom pour jouer dans des films. Quels genres de film est-ce ? X
66%
Z Nombre de fois ou Joey se marie dans la série. Zéro
63%
E Prénom de la mère biologique des jumeaux de Chandler et Monica. Erica
62%
O Métier de Richard interprété par Tom Selleck. Ophtalmologue
62%
K Nom de famille de l'actrice interprétant Phoebe. Kudrow
60%
Q Année de diffusion du premier épisode au USA (19..) 94
59%
S Ben est dans la même classe que l'enfant de ce célèbre chanteur. Sting
54%
J Client de Rachel lors de la saison 4, ils allaient commencer une liaison, mais Rachel l'a effrayé en le demandant en mariage. Joshua
45%
Y Avec quel aliment périmé Chandler "menace-t-il" de se suicider ? Yaourt
43%
V Nom de l'acteur qui joue son propre rôle, il tourne un film en plein New-York et drague Rachel. Jean-Claude Van Damme
42%
H Prénom et nom de l'acteur interprétant "Dr House", qui joue aussi le rôle d'un passager dans l'avion que prend Rachel pour Londres. Hugh Laurie
21%
W Prénom et nom de l'actrice qui joue le rôle de Melissa Warburton, ancienne colocataire de faculté de Rachel qui en pince pour elle. Winona Ryder
17%
Aucun quiz correspondant
Distribution des résultats
% des personnes avec chaque résultat
Percentile par nombre de réponses
Votre historique - résultats
Vous n’avez pas pris ce quiz depuis la dernière actualisation